000 01111cad a22002175a 4500
001 L137564
008 070416s2007 xxk f f000 0 eng d
035 _a(Sirsi) u137564
041 0 _aeng
050 0 4 _a306.026 $2 18
110 1 _aUnited Kingdom
_bDepartment for Communities and Local Government
_94939
245 0 0 _aLicensing of houses in multiple occupation in England
_h[electronic resource]
260 _aLondon
_bDCLG
_c2007
520 _aPart one for landlords and managers explains more about HMOs and which need to be licensed, what licensing involves and the procedures for applying for a licence and the responsibilities you have when managing HMOs, whether licensed or not. Part two deals with the same questions from the tenant's point of view.
590 _aKA NTK
650 2 4 _aHOUSING ACT 2004 PART II
651 4 _aEngland
_y886-
690 _aPROPERTY-RESIDENTIAL PROPERTY-RESIDENTIAL LANDLORD AND TENANT-RESIDENTIAL LANDLORD AND TENANT REFORM
856 4 0 _uhttps://www.communities.gov.uk/index.asp?id=1509399
_zView the item free of charge at www.communities.gov.uk...
942 _n0
999 _c106823
_d106823